Name the Actor based on movies - Statistics

General Stats
  • This quiz has been taken 50 times
  • The average score is 13 of 26
Answer Stats
Hint Answer % Correct
Basketball Diaries, Departed Leonardo DiCaprio
79%
Django, Pulp Fiction Samuel L Jackson
72%
Silence of the Lambs, Red Dragon Anthony Hopkins
70%
Her, Joker Joaquin Phoenix
70%
10 Things I hate about you, A Knights Tale Heath Ledger
67%
Collateral, Django Jamie Foxx
65%
Risky Business, Vanilla Sky Tom Cruise
65%
Wolf of Wall Street, Dallas Buyers Club Matthew McConaughey
63%
Lone Survivor, Silver Linings Playbook Bradley Cooper
56%
Man on Fire, John Q Denzel Washington
56%
War Dogs, This is the end Jonah Hill
56%
Gone Girl, Dazed and Confused Ben Affleck
53%
Along came Polly, Meet the Parents Ben Stiller
53%
Donnie Darko, Prisoners Jake Gyllenhaal
53%
Secret Window, Benny and Joon Johnny Depp
53%
I am Sam, Fast Times at Ridgemount High Sean Penn
53%
Music and Lyrics, Love Actually Hugh Grant
44%
Hotel Rwanda, Crash Don Cheadle
42%
Inglorious Bastards, Django Christoph Waltz
40%
Cabin in the Woods, Avengers Endgame Chris Hemsworth
37%
Dune, Call me by your name Timothy Chalamet
28%
Black Phone, Sinister Ethan Hawk
23%
Deprated, Ted Mark Walberg
23%
Knocked Up, Superbad Seth Rogan
16%
Horrible Bosses, The Gift Jason Bateman
12%
Seven Psychopaths, In Bruges Colin Ferrel
9%
No matching quizzes found
Score Distribution
Percent of People with Each Score
Percentile by Number Answered
Your Score History
You have not taken this quiz